800 mutiara petunjuk hidup

Bibliographic Details
Main Author: Daryanto (Author)
Format: Book
Published: Singpura : al-Haramain , 1981
Subjects:

MARC

LEADER 00000cam a2200000 7i4500
001 0000007964
005 20071104093000.0
008 021119s1981
090 0 0 |a BP188.2   |b .D37 
100 0 |a Daryanto ,   |e author 
245 1 0 |a 800 mutiara petunjuk hidup   |c Daryanto 
260 2 |a Singpura :   |b al-Haramain ,   |c 1981 
300 |a 151 p. ;   |c 18 cm. 
650 0 |a Islam   |v Miscellanea 
650 0 |a Religious life   |x Islam 
999 |a 1000006045   |b Book   |c OPEN SHELF (30 DAYS)   |e Gong Badak Campus 
999 |a 1000006718   |b Book   |c OPEN SHELF (30 DAYS)   |e Gong Badak Campus 
999 |a 1000006719   |b Book   |c OPEN SHELF (30 DAYS)   |e Gong Badak Campus 
999 |a 1000006720   |b Book   |c OPEN SHELF (30 DAYS)   |e Gong Badak Campus